| 000 | 00828nam a2200145Ia 4500 | ||
|---|---|---|---|
| 008 | 231221s9999 xx 000 0 und d | ||
| 041 | _aEnglish | ||
| 082 | _aCPEC15-1078 | ||
| 100 | _aNishanth, V A. Manikandan, J. | ||
| 245 | 0 | _aSparse Representation Using Optimum Threshold Based Relevance Vector Machines | |
| 260 | _c2015 | ||
| 500 | _aSparse Representation Using Optimum Threshold Based Relevance Vector Machines Nishanth VA and Manikandan J Department of Telecommunication, PES Institute of Technology, Bangalore Crucible of Research and Innovation (CORI), PES University, Bangalore Department of ECE, PES University, Bangalore Email: manikandanj@pes.edu 12th IEEE INDICON Conference,pp.1-5. Delhi, December 2015 | ||
| 650 | _aSparse,Representation,Using,Optimum,Threshold,Relevance,Vector,Machines | ||
| 942 | _cIR | ||
| 999 |
_c233603 _d233603 |
||